000 03938nam0a2200481 4500
001 RU\NLR\BIBL_A\011714078
005 20250630160138.0
020 _aRU
_b14993
_9Сводный каталог листовок первых лет Советской власти (25 октября (7 ноября) 1917 - 1925) Т.5. Листовки советских, партийных, профсоюзных, комсомольских и других организаций Уральской области, автономных областей и республик РСФСР. Ч.2
035 _a(NLR Aleph) 011714078
090 _a11448470
_c11448470
100 _a20180528d1922 |||y0rusy50 ca
101 0 _arus
102 _aRU
105 _ay z 000zy
135 _acrgn 008apada
200 1 _aОбъявление. "Доводится до сведения всем учреждениям.., что Коммунотделом сдаются в аренду... домовладения..."
_aСписок домов г. Екатеринбурга, муниципализированных на основании Декрета Совета Народных Комиссаров от 20 августа 1918 г...
_eутв. в заседании Президиума Екатеринбургского угорисполкома 4 авг. 1922 г. Прот. № 59, § 20
_e[листовка
_fЕкатеринбургский уезд. исполнительный комитет Советов]
210 _aЕкат[еринбург]
_cТип. "Гранит"
_d[1922, авг.]
215 _a1 с. в 4 стб.
_d101х66
300 _aПодписи: вр. зам. Коммунотделом Брусянин; зав. Жил. п/о. Д. Ширяев; предгорисполкома А. Ларичев и др.
325 1 _aКопия доступна в Электронной библиотеке РНБ
517 1 _aДоводится до сведения всем учреждениям.., что Коммунотделом сдаются в аренду... домовладения...
607 _aРСФСР
_jЛистовки
_xПолитика и управление
_y1917 - 1925
_92312782
_3RU\NLR\auth\6601609564
607 _aЕкатеринбургская губерния
_jЛистовки
_xПолитика и управление
_92471147
_3RU\NLR\AUTH\6601684649
686 0 _aТ3(2)71-313,011
686 0 _aТ3(2Р-7Е)713-2,011
702 1 _4720
_7ca
_8rus
_aБрусянин
_cучастник установления советской власти, Екатеринбургский уезд
_9200365
_3RU\NLR\AUTH\770200416
702 1 _4720
_7ca
_8rus
_aШиряев
_bД.
_cучастник установления советской власти, Екатеринбургский уезд
_9200366
_3RU\NLR\AUTH\770200417
702 1 _4720
_7ca
_8rus
_aЛаричев
_bА. И.
_cпарт. и гос. деятель
_f1892-1938
_gАлександр Иванович
_9200344
_3RU\NLR\AUTH\770200395
711 0 2 _aЕкатеринбургский уездный коммунальный отдел
_9630948
_3RU\NLR\AUTH\880485256
712 0 2 _aЕкатеринбургский уездный исполнительный комитет Советов
_9630936
_3RU\NLR\AUTH\880485250
741 1 _aРСФСР
_c1917-1922
_tЗаконы и постановления
_9551047
_3RU\NLR\AUTH\880443530
852 0 0 _aNLR
_bФЛ
_j28/45
856 0 _uhttps://vivaldi.nlr.ru/ll000078740/view
856 1 _uhttps://vivaldi.nlr.ru/ll000078740/cover
856 2 _uhttps://vivaldi.nlr.ru/ll000078740/text
942 _cBOOK
980 _aNB
981 2 1 _a(21) Листовки
_b(21) Листовки 1922 года